000 00925nmc a2200301 a 4500
003 AR-BaBNM
005 20251128203535.0
008 296019s1966 ||||||||||||||000 | spa||
040 _cAR-BaBNM
100 1 _aMacchi, Manuel E.
245 1 0 _aUrquiza en la instrucción pública
250 _a1ª ed.
260 _aSanta Fe
_bComisión Nacional de Museos y Monumentos Históricos-Museo y Monumento Nacional 'Justo José de Urquiza' Argentina
_bCastellví
_c1966
300 0 _a63 p.
_bláms.
490 0 _aSerie III
_vv. 6
500 0 _aApéndice de documentos p. 44-63
610 2 4 _aColegio del Uruguay
610 2 4 _aPalacio San José
650 4 _aESCOLARIDAD OBLIGATORIA
650 4 _aESCUELAS NORMALES
650 4 _aPLAN DE ESTUDIOS
650 4 _aCALIDAD DE LA ENSENANZA
651 4 _aArgentina
653 0 _aEDUCACION POPULAR
800 1 _aMacchi, Manuel E.
_edirector
942 _cBK
998 _cCarmen
999 _c3854
_d3854